[Event "Corsica Masters rap 06th"]
[Site "Bastia"]
[Date "2002.11.02"]
[Round "2.2"]
[White "Jussupow, Artur"]
[Black "Anand, Viswanathan"]
[Result "0-1"]
[WhiteElo "2622"]
[BlackElo "2755"]
[Annotator "Huebner,R"]
[PlyCount "118"]
[EventDate "2002.11.01"]
[EventType "k.o. (rapid)"]
[EventRounds "4"]
[EventCountry "FRA"]
[SourceTitle "CBM 092"]
[Source "ChessBase"]
[SourceDate "2003.02.06"]
[SourceVersion "1"]
[SourceVersionDate "2003.02.06"]
[SourceQuality "1"]

1. d4 d5 2. Nf3 Nf6 3. e3 c6 4. c4 Bf5 5. Nc3 a6 $6 {Solider ist} (5... e6) 6.
Qb3 Ra7 ({Auf} 6... b5 {antwortet Weiß} 7. cxd5 Nxd5 (7... cxd5 8. a4 {ist
äußerst ungünstig für Schwarz.}) 8. e4 Nxc3 9. exf5 Nd5 10. Bd3 {mit
erklecklichem Vorteil.}) 7. Bd2 e6 8. a4 a5 9. Be2 h6 10. O-O (10. c5 $5) 10...
Bd6 11. Ne5 O-O 12. Rac1 Nbd7 13. f4 Ne4 14. Nxe4 Bxe4 15. Bf3 $6 (15. Be1 {
ist besser.}) 15... Nf6 $6 ({Mit der Fortsetzung} 15... Bxe5 16. fxe5 dxc4 17.
Qxc4 Nxe5 18. Qc5 Nxf3+ 19. gxf3 b6 20. Qc3 Bf5 21. Qxc6 e5 22. d5 {kann
Schwarz die Initiative ergreifen.}) 16. Be1 Bh7 17. Bh4 Be7 18. Bxf6 Bxf6 19.
Rf2 Bxe5 (19... Be7 $5 {gefällt mir besser.}) 20. fxe5 Bg6 21. cxd5 cxd5 22.
Rc3 $6 ({Eine bessere Art und Weise, um den Besitz der c-Linie zu kämpfen,
besteht in} 22. Rff1 {. Nach} b6 23. Rc6 Rc7 24. Qxb6 Rxc6 25. Qxc6 Qb8 26. Qc3
Rc8 27. Qxa5 Qxb2 {dürfte Schwarz dennoch überleben können.}) 22... b6 23. Rc6
{Jetzt kann Weiß aus dem Besitz der c-Linie keinen nennenswerten Nutzen ziehen.
Auf} (23. Rf1 {folgt} Rc7 24. Qxb6 (24. Rfc1 Rxc3 25. Rxc3 Qd7 $11) 24... Rxc3
25. Qxd8 Rxd8 26. bxc3 Rb8 27. Rc1 Bd3 $11) 23... Rc7 24. Qxb6 (24. Rxb6 $2
Rc1+ 25. Rf1 Rxf1+ 26. Kxf1 Bc2 {kostet den Weißen Material.}) 24... Rxc6 25.
Qxc6 Qb8 26. h4 $6 ({Zum Remis führt} 26. Qc3 Rc8 27. Qxa5 (27. Qd2 Rc2) 27...
Rc1+ 28. Rf1 Qxb2 29. Rxc1 Qxc1+ 30. Kf2 Qb2+ 31. Kg3 Qa3 $11) 26... Qb4 27.
Qc3 Qxa4 28. Bg4 $6 (28. h5 Bh7 29. Rf1 $15) 28... Qb4 29. Qxb4 axb4 30. h5 Bh7
31. Bd1 Rc8 32. Rd2 Rc1 33. Kf2 Kf8 34. g4 Be4 35. Ba4 ({In Betracht kommt} 35.
Bf3 Bc2 (35... b3 {wird mit} 36. Bd1 Bc2 37. Ke2 {beantwortet.}) 36. Re2 {
und Weiß dürfte sich ausreichend verteidigen können.}) 35... Rh1 36. Rd1 $2 ({
Nach} 36. Bd1 Ke7 37. Be2 f6 38. Kg3 (38. exf6+ {führt zum Verlust, zum
Beispiel} Kxf6 39. Rd1 Rh2+ 40. Ke1 Kg5 41. Rc1 Rh1+ 42. Kd2 Rxc1 43. Kxc1 Bg2
44. Kc2 Bh3 45. Kb3 Bxg4 46. Bxg4 Kxg4 47. Kxb4 Kxh5 48. Kc5 g5 49. b4 g4 50.
b5 g3 51. b6 g2 52. b7 g1=Q 53. b8=Q Qxe3) 38... fxe5 39. dxe5 Rg1+ (39... Kd7
{wird mit} 40. Rd4 {beantwortet.}) 40. Kf2 {kann Weiß Widerstand leisten.})
36... Rh2+ 37. Kg3 Rg2+ 38. Kh3 Rxb2 39. Rc1 g5 40. Rc8+ $6 (40. hxg6 Bxg6 41.
Rc8+ Kg7 42. Rb8 {leistet zäheren Widerstand, obwohl es zur Rettung der Partie
nicht hinreichen dürfte.}) 40... Kg7 41. Rb8 Rb1 ({Einfacher ist} 41... Re2 42.
Rxb4 Rxe3+ 43. Kh2 Bf3 $19) 42. Rb7 Rh1+ (42... Re1 {gewinnt ebenfalls} 43. Bd7
(43. Bd7 Rxe3+ 44. Kh2) 43... Rxe3+ 44. Kh2 Kf8 (44... b3 45. Bxe6 Rf3 46. Bf5
(46. Bd7 Rf2+ 47. Kg3 Rg2+ 48. Kh3 b2 49. Bf5 Rd2 50. Bxe4 dxe4 51. e6 Kf8 {
, und Schwarz gewinnt.}) 46... Bxf5 47. gxf5 Rxf5 48. Rxb3 Rf4 49. Rb4 {
ist weniger klar.}) 45. Rb8+ (45. Rxb4 Bf3 {ist aussichtslos für Weiß.}) 45...
Ke7 46. Ba4 f5 {Schwarz hat eine Gewinnstellung.}) 43. Kg3 Rf1 $2 (43... Rg1+ {
dürfte gegenüber der Partie ein Tempo gewinnen; Weiß hat nichts Besseres als}
44. Kf2 Rxg4 45. Bd7 Kf8 46. Rxb4 Rg2+ 47. Kf1 Ke7 48. Bc6 ({Nach} 48. Rb7 Rh2
49. Bb5+ Kf8 50. Rb8+ Kg7 51. Be2 Bf5 {ist die Lage des Weißen hoffnungslos.})
48... Rc2 49. Ba4 Ra2 {. Schwarz steht auf Gewinn.}) 44. Bd7 b3 (44... Kf8 45.
Rxb4 (45. Rb8+ Ke7 46. Bc6 Rf3+ 47. Kh2 f5 48. gxf5 (48. exf6+ Kxf6 49. Rxb4
Rxe3 50. Rb7 e5 (50... Rd3 51. Bd7 Rxd4 52. Rb6 {ist nicht besser für Schwarz.}
) 51. Rb6 exd4 52. Bxd5+ Ke5 53. Bxe4 Rxe4 54. Rxh6 d3 {, und Schwarz gewinnt.}
) 48... Bxf5 {sieht gewinnträchtig aus.}) 45... Rg1+ 46. Kf2 Rxg4 47. Rb8+ Ke7
48. Bb5 {führt zur Partiefortsetzung.}) 45. Rxb3 Rg1+ 46. Kf2 Rxg4 47. Rb7 Kf8
(47... Bf5 48. Be8 Kf8 49. Bxf7 Rh4 50. Bg6 {bringt dem Schwarzen nichts ein.})
48. Rb8+ Ke7 49. Bb5 f5 50. Rb7+ Kd8 51. Rd7+ Kc8 52. Rh7 $2 (52. Rf7 Rg2+ 53.
Kf1 Rg3 54. Ke2 Rh3 55. Bd7+ Kd8 56. Bxe6 Rxh5 57. Bxf5 {genügt zum Remis.})
52... Rg2+ $2 (52... f4 {bietet viel bessere Siegesaussichten:} 53. Rh8+ (53.
Rxh6 Rg2+ 54. Kf1 fxe3 55. Rxe6 Rb2 56. Ba6+ Kd8 57. Rf6 g4 {führt für Weiß
zum Verlust.}) 53... Kc7 54. exf4 Rxf4+ 55. Ke3 Rh4 56. Rxh6 Rh3+ 57. Kd2 g4
58. Rxe6 g3 59. Re7+ Kb6 60. Bf1 g2 61. Re6+ Kc7 62. Bxg2 Bxg2 {und Schwarz
sollte gewinnen.}) 53. Kf1 Rb2 (53... f4 {ist jetzt wirkungslos:} 54. exf4 gxf4
55. Rxh6 $11) 54. Bd7+ Kd8 55. Bxe6 f4 56. Rxh6 $2 ({Zum Remis führt} 56. Rd7+
Ke8 57. exf4 gxf4 58. Rf7 f3 59. Rf6 Rd2 60. Bg4 $11) 56... fxe3 57. Bg4 Rf2+
58. Ke1 Bd3 59. Rf6 Rg2 0-1

[Event "Corsica Masters rap 06th"]
[Site "Bastia"]
[Date "2002.11.03"]
[Round "3.1"]
[White "Anand, Viswanathan"]
[Black "Gurevich, Mikhail"]
[Result "1-0"]
[WhiteElo "2755"]
[BlackElo "2634"]
[Annotator "Finkel,A"]
[PlyCount "71"]
[EventDate "2002.11.01"]
[EventType "k.o. (rapid)"]
[EventRounds "4"]
[EventCountry "FRA"]
[SourceTitle "CBM 092"]
[Source "ChessBase"]
[SourceDate "2003.02.06"]
[SourceVersion "1"]
[SourceVersionDate "2003.02.06"]
[SourceQuality "1"]

1. e4 e6 2. d4 d5 3. Nc3 Nf6 4. e5 Nfd7 5. f4 c5 6. Nf3 Nc6 7. Be3 cxd4 8. Nxd4
Bc5 9. Qd2 O-O 10. O-O-O Bxd4 11. Bxd4 a6 12. Be3 $5 {Keeping a bishop on the
board seems to be very good idea.} (12. Qe3 Qc7 (12... b5 13. Bd3 (13. Qh3 Nxd4
14. Rxd4 Qb6 15. Bd3 $6 f5 16. Ne2 Nb8 17. g4 Nc6 18. c3 b4 $15 {Brustman,
A-Voiska,M/Thessaloniki 1988}) 13... Nxd4 (13... Qa5 14. f5 $1 Nxd4 15. f6 Qd8
16. Qxd4 $16 {Palkovi,J-Marinkovic,S/Cacak 1991}) 14. Qxd4 Qb6 15. Ne2 Bb7 16.
Qxb6 Nxb6 17. Nd4 Nd7 18. Rde1 Rae8 $11 {Damjanovic,V-Marinkovic,S/Belgrade
1995}) 13. Bd3 Nxd4 14. Qxd4 Qc5 15. Ne2 b5 16. Rhe1 Bb7 17. f5 Qxd4 18. Nxd4
Rae8 19. Nf3 Re7 20. Re3 $14 {Ekstroem,R-Quinto,G/Mendrisio 1989}) (12. Bg1 b5
13. Kb1 b4 14. Na4 a5 15. Bb5 Qc7 16. Qe2 Bb7 17. h4 Ncb8 18. h5 Ba6 19. Bd3
$14 {Mitkov,N-Marinkovic,S/Vrnjacka Banja 1991}) (12. g3 b5 13. Bg2 Bb7 14.
Rhe1 b4 15. Ne2 Qa5 16. Kb1 Rfc8 17. f5 $36 {Adla,D-Mellano,S/ARG 1991}) (12.
Bf2 $5 Qa5) 12... b5 13. Ne2 (13. h4 b4 14. Na4 Qa5 15. b3 Bb7 16. Rh3 Rab8 17.
Kb1 Ne7 18. Ba7 Rbc8 19. h5 $14 {Vasiukov,E-Zaitseva,L/Moscow 1991}) 13... b4
14. Nd4 Nxd4 15. Bxd4 a5 16. g4 Ba6 (16... Qc7 17. Bb5 $5 Ba6 18. Bxd7 Qxd7 19.
Rhg1 Rfc8 20. f5 Qb5 $5 {[%cal Gb5e2,Gb4b3]} 21. Rg2 $1 $14 {Svidler,
P-Iljushin,A/Ekaterinburg 2002}) 17. Bg2 $1 {Once again white deviates from
trading a bishop!} (17. f5 Qc7 18. f6 Rfc8 (18... Nxe5 $5 19. Qg5 Ng6 $36) 19.
fxg7 a4 $36) 17... Qc7 18. Kb1 Rfc8 19. Rc1 $1 {[%csl Gc2] Taking good care of
c2.} Rab8 20. f5 a4 (20... Nxe5 21. fxe6 fxe6 22. Qe3 Nf7 23. Qxe6 $16 {
[%csl Rd5]}) 21. Rhe1 $1 {[%csl Ge5] White isn't ready to give up a thing! he
has plenty of time so there is no problem in wasting a tempo on defending a
pawn on e5.} (21. f6 $6 Nxe5 22. Qg5 Ng6 23. h4 h6 24. Qd2 e5 $17) 21... Bc4
22. h4 Qd8 (22... b3 23. cxb3 axb3 24. a3 Nc5 25. f6 gxf6 26. exf6 Kh8 27. Be5
$18) 23. f6 gxf6 $6 (23... b3) 24. exf6 Kh8 25. g5 $16 {[%cal Gg5g6]} Bxa2+ $5
{Desperation!} (25... b3 26. g6 $1 {[%cal Gf6f7,Gd2h6]} bxa2+ 27. Ka1 fxg6 28.
f7+ e5 29. Rxe5 $18) 26. Kxa2 b3+ 27. cxb3 axb3+ 28. Kb1 Ra8 29. Rxc8 Qxc8 30.
Qd3 {[%csl Ga6]} Ra4 (30... Qc7 31. Qxb3 Qf4 32. Qd3 $18) 31. Bf2 Qb8 32. Bxd5
$1 {Taking a8 under control.} exd5 33. Qxd5 Qc8 34. Qxb3 Nc5 35. Bxc5 Qf5+ 36.
Qc2 {[%csl Rh8]} 1-0

[Event "Corsica Masters rap 06th"]
[Site "Bastia"]
[Date "2002.11.04"]
[Round "4.1"]
[White "Karpov, Anatoly"]
[Black "Anand, Viswanathan"]
[Result "1-0"]
[WhiteElo "2688"]
[BlackElo "2755"]
[Annotator "Ftacnik,L"]
[PlyCount "113"]
[EventDate "2002.11.01"]
[EventType "k.o. (rapid)"]
[EventRounds "4"]
[EventCountry "FRA"]
[SourceTitle "CBM 092"]
[Source "ChessBase"]
[SourceDate "2003.02.06"]
[SourceVersion "1"]
[SourceVersionDate "2003.02.06"]
[SourceQuality "1"]

1. d4 Nf6 2. c4 e6 3. Nf3 b6 4. a3 Bb7 5. Nc3 d5 6. cxd5 Nxd5 7. Bd2 Nd7 8.
Nxd5 exd5 9. g3 Be7 10. Bg2 O-O 11. O-O c5 12. dxc5 bxc5 13. b4 $5 {Karpov is
immediately attacking the hanging pawns in order to weaken their potential.}
Bf6 (13... d4 14. bxc5 Nxc5 15. Bf4 Bf6 $11) 14. Rb1 c4 15. Rc1 Re8 (15... Bb2
16. Rc2 Bxa3 $2 17. Ra2 $18) 16. Bc3 Qb6 (16... a5 $5 17. Nd4 (17. b5 Qe7 18.
Bh3 Bxc3 19. Rxc3 Nc5 20. Nd4 Ne4 21. Re3 Qf6 22. a4 $11) 17... axb4 18. axb4
Nb6 $11) 17. Bxf6 Nxf6 18. e3 a5 $1 19. Qd4 Qb5 (19... Qxd4 20. Nxd4 axb4 21.
axb4 Ra2 22. b5 Kf8 $11) 20. Rb1 Bc8 (20... axb4 21. Rxb4 (21. axb4 Ne4 22. Nd2
(22. Qb2 c3 23. Qc2 Qc4) 22... f5 23. Nxe4 dxe4 24. Rfc1 $11) 21... Qa6 22. Rb6
Qa7 23. Ra1 Bc8 24. a4 $13) 21. Qb2 axb4 22. Nd4 Qb6 23. axb4 {White's
position is slightly more pleasant, it is black who needs to find compensation
for the positional minuses.} Bd7 24. Ra1 h6 (24... Ne4 25. Rxa8 Rxa8 26. Rb1
$11) 25. h3 Rab8 26. Rfb1 Ne4 (26... Rb7 27. Ra5 Reb8 28. Qa1 Qd8 29. b5 $11)
27. Bxe4 Rxe4 (27... dxe4 $5 28. Kg2 Rbc8 29. Qc2 Re5 30. Ra3 Qg6 31. Ra7 Rd5
32. b5 $13) 28. Kg2 h5 (28... Qg6 29. Ra7 Bf5 30. Rba1 Ree8 $11) 29. b5 h4 30.
Ra6 $1 Qc7 (30... Qxa6 $2 31. bxa6 Rxb2 32. Rxb2 $18) 31. g4 Rxe3 $5 (31... Rb6
32. Rba1 $14) 32. b6 Qe5 $2 {[%mdl 64] The critical tactical moment of the
fight, Anand missed the best move 32...c3! that might have given him full
equality.} (32... c3 $1 33. Qa2 (33. Qc2 Qc4 34. fxe3 Qxa6 35. Qxc3 Rxb6 $15) (
33. bxc7 Rxb2 34. Rf1 Kh7 (34... Re8 35. Rd6 $18) 35. Nf3 Bc8 36. Rd6 $14)
33... Rg3+ 34. fxg3 Qxg3+ 35. Kh1 Qd3 36. b7 Qe4+ 37. Kh2 Qf4+ $11) 33. fxe3 c3
34. Qc2 $1 (34. Qxc3 Qg3+ 35. Kf1 Qxh3+ 36. Kg1 Qg3+ $11) (34. Qf2 Qe4+ $17)
34... Qg3+ 35. Kh1 Qxe3 36. b7 $1 {White's b pawn is too strong and black has
no perpetual check.} (36. Rd1 Bc8 37. Ra3 Qxh3+ 38. Qh2 Qxg4 39. Re1 Rxb6 $16)
36... Qxh3+ (36... Qxd4 37. Ra8 Qe5 38. Rxb8+ Qxb8 39. Qh2 $18) 37. Qh2 c2 38.
Rg1 (38. Nxc2 Qf3+ 39. Qg2 Qf4 40. Ra8 $18) 38... Qxh2+ 39. Kxh2 Rxb7 40. Nxc2
Rb2 41. Rg2 Bxg4 {Desperate meassures in a lost position, white rook is much
stronger than black pawns.} (41... g5 42. Ne3 Rxg2+ 43. Kxg2 $18) 42. Rxg4
Rxc2+ 43. Kh3 (43. Rg2 Rxg2+ 44. Kxg2 g5 45. Kh3 Kg7 46. Kg4 f6 47. Kf5 $18)
43... g6 44. Rd6 Kg7 (44... Rd2 45. Kxh4 Kg7 46. Rg5 d4 47. Rgd5 $18) 45. Kxh4
Rc7 46. Rxd5 Kh6 47. Rd6 Ra7 48. Rgd4 Ra5 49. Rf6 Ra7 50. Kg4 Rb7 51. Kf4 Re7
52. Rd5 Kg7 53. Rfd6 Re1 54. Kg3 Rf1 55. Rd1 Rf5 56. R6d5 Rf6 57. R1d3 (57.
R1d3 Re6 58. Rd7 g5 59. Rf3 $18) 1-0

[Event "Corsica Masters rap 06th"]
[Site "Bastia"]
[Date "2002.11.04"]
[Round "4.2"]
[White "Anand, Viswanathan"]
[Black "Karpov, Anatoly"]
[Result "1-0"]
[WhiteElo "2755"]
[BlackElo "2688"]
[Annotator "Anand,V"]
[PlyCount "59"]
[EventDate "2002.11.01"]
[EventType "k.o. (rapid)"]
[EventRounds "4"]
[EventCountry "FRA"]
[SourceTitle "CBM 092"]
[Source "ChessBase"]
[SourceDate "2003.02.06"]
[SourceVersion "1"]
[SourceVersionDate "2003.02.06"]
[SourceQuality "1"]

{Anatoly had won the first game in his trademark style - taking a slightly
better position and exploiting my defensive errors.  Now I was in a must win
situation.} 1. e4 {Huzman} e5 {His main weapon in the tournament. He had
beaten Tkachiev and just like in Prague, Shirov again. Of course, he doesn't
really use it as a winning weapon, just wins many games!} 2. Nf3 Nf6 3. Nxe5 d6
4. Nf3 Nxe4 5. d4 {Shirov had put Karpov under great pressure with 5.Qe2
earlier, but in a must win situation, such a move doesn't even come to mind.}
d5 6. Bd3 Nc6 7. O-O Be7 8. Re1 {Perfectly suited to my needs. 8...Bg4 leads
to a sharp struggle. Karpov now sank into thought for 5 minutes before playing.
..} Nd6 {Later I asked Yusupov if it had been a mistake to play this move
after 5 minutes thought. He answered wittily: Yes, he should have played it
immediately!} 9. Bf4 {Directed against Bf5.} (9. c3 {Huzman} O-O 10. Qc2 h6 11.
Bf4 Ne8 12. Nbd2 Nf6 13. Ne5 Nh5 14. Nxc6 bxc6 15. Be5 $16 {1-0 Markus,
R-Andrade Ocana,J/ESP 1995/EXT 97 (44)}) 9... O-O (9... Be6 {Huzman} 10. c3 a6
11. Qc2 h6 12. Ne5 Nxe5 13. dxe5 Nc4 14. b3 Nb6 15. Nd2 Bg5 16. Bg3 h5 17. h3
Bh4 18. Bxh4 Qxh4 19. Nf3 Qf4 20. Nd4 $16 {1-0 Lukin,A-Shulga,O/St Petersburg
1997/CBM 61 ext (51)}) 10. c3 g6 (10... Bg4 {Huzman} 11. Nbd2 Bf5 (11... Rb8 {
Huzman} 12. Qc2 f5 (12... g6 {Huzman} 13. Ne5 Bf5 14. Re3 Bxd3 15. Qxd3 Nf5 16.
Rh3 Nxe5 17. dxe5 c6 18. Nf3 Ra8 19. Qd2 Re8 20. Bh6 Nh4 21. Qf4 Nf5 22. g4 Nh4
23. Nxh4 Bxh4 24. g5 Bxf2+ 25. Kxf2 Qb6+ 26. Re3 Re6 27. Rf1 $16 {Weerakoon,
I-Jones,I/Thessaloniki olm 1984}) 13. Ne5 Nxe5 14. Rxe5 Nf7 15. Re3 Bd6 16.
Bxd6 Nxd6 17. Rae1 Qh4 18. Nf3 Qh5 19. h3 Bxf3 20. Rxf3 c6 21. Re5 $14 {
0-1 Stacy,F-Wolbrecht,G/Chicago 1906/EXT 2002 (47)}) 12. Qc2 Bxd3 13. Qxd3 f6
14. Re2 Qd7 15. Rae1 Rfe8 16. h3 Bf8 $11 {1/2-1/2 Kindij,I-Germek,M/Sarajevo
1951/EXT 2002 (46)}) (10... Be6 {Huzman} 11. Nbd2 Qd7 12. Nf1 f5 13. Qe2 Ne4
14. Ne5 Nxe5 15. Bxe5 Bf6 16. Bxf6 Rxf6 17. f3 $14 {1-0 Byrne,R-Reshevsky,S/
New York 1972/MCD (32)}) 11. Na3 $1 {The knight heads for e3. I was quite
happy here - the position is far easier for White to play and there is little
danger of simplifications} (11. Nbd2 Bf5) 11... a6 12. Nc2 Bf6 (12... Bf5 13.
Bxd6 $1 Bxd3 14. Bxc7 $1 {White reverses the order} (14. Bxe7 Bxc2 15. Bxd8
Bxd1 16. Bxc7 Bxf3 17. gxf3 {Black has enough compensation here.}) 14... Bxc2
15. Bxd8 Bxd1 16. Bxe7 {Thanks to the attack on the rook, White remains a
healthy pawn up.}) (12... Nf5 $142 {Huzman} 13. Ne3 Nxe3 14. Rxe3 $36) 13. Ne3
Ne7 14. Qb3 {This provokes further weaknesses as well as allowing White to
double rooks.} c6 15. h3 {Just a useful move, White now can go to h2 and the
knight has Ng4 available.} Bg7 16. Re2 h6 17. Rae1 {Obviously not Karpov's
best opening day, but still it is striking how helpless Black is.} Be6 18. Qb4
Nec8 (18... Nb5 $142 {Huzman} 19. a4 a5 20. Qb3 Nd6 $16) 19. Ng4 a5 20. Qb3 a4
21. Qb4 {Slightly awkward for my queen, but I wanted to keep the Nd6 (and
consequently the Nc8) tied up.} (21. Qc2 $1 Bxg4 22. hxg4 Nb6 {Karpov has a
knack of saving even hopeless positions and I didn't want to loosen my grip.
However, this was simpler. Now something like:} 23. Qc1 {should be winning.})
21... g5 (21... h5 22. Nge5 $18) 22. Bh2 (22. Be5) 22... Re8 {I saw something
vaguely like Bf8 and Nc4 and decided to bring the queen back.} 23. b3 axb3 24.
Qxb3 {I decided to bring the queen back since some possibilites (21...g5) had
opened up on the kingside.} (24. axb3 Bf8 25. c4 Bxg4 {Leads to quite some
simplification.}) 24... b5 {So that Nd6 can move.} (24... Ne4 25. Qxb7 {Wins})
(24... Ra7 $1 {This protects the Pb7 without weakening c5.} 25. Nd2 {This
still looks grim for Black.}) 25. Nge5 Ra6 26. Qc2 Ne7 {Karpov has managed to
hold on and I wondered briefly how to break through.} 27. Nd2 $1 {Then this
idea hit me - to swing the knight to c5. This turns out to be the final nail
in Black's coffin.} Nc4 $2 (27... Bf5 $1 {Black can still resist with this
move.}) 28. Nb3 $18 Ra7 (28... Bxe5 29. Bxe5 Nxe5 30. Rxe5 Ra7 31. Nc5 Bc8 32.
Qd2 Qd6 33. h4 $18) 29. Nc5 Bc8 30. Nxc6 {Yes, I was back in the match!  After
two draws, I won the two blitz games to retain the Corsica Masters 2002.} 1-0

[Event "Corsica Masters rap 06th"]
[Site "Bastia"]
[Date "2002.11.04"]
[Round "4.3"]
[White "Anand, Viswanathan"]
[Black "Karpov, Anatoly"]
[Result "1/2-1/2"]
[WhiteElo "2755"]
[BlackElo "2688"]
[Annotator "Lukacs,P"]
[PlyCount "109"]
[EventDate "2002.11.01"]
[EventType "k.o. (rapid)"]
[EventRounds "4"]
[EventCountry "FRA"]
[SourceTitle "CBM 092"]
[Source "ChessBase"]
[SourceDate "2003.02.06"]
[SourceVersion "1"]
[SourceVersionDate "2003.02.06"]
[SourceQuality "1"]

1. e4 c6 2. d4 d5 3. e5 Bf5 4. Nd2 {This is a very quiet, positional setup in
order to keep the space advantage.} h6 {Securing the B's place on the b1-h7 /^.
} (4... e6 5. Nb3 Nd7 6. Nf3 Ne7 (6... a6 {- Zvjagintsev-Sargissian, Ubedo op
CBM 75}) 7. Be2 Bg4 (7... c5 $2 8. Nxc5 $16 {- Zvjagintsev-Dautov, Julian
Borowski 1999 CBM 71}) 8. O-O {- Fries Nielsen-Rasmussen, DEN-ch Nyborg 2001
CBM 83}) 5. Nb3 (5. Ngf3 e6 6. Be2 Nd7 7. O-O Ne7 8. c3 {-
Ibragimov-Kharitinov, Russian Cup 1997 CBM 62}) 5... e6 6. c3 {By this
prophylactic move order White is prepared against c5 and avoided a not very
frightening Bxb1.} (6. Nf3 Nd7 7. Be2 Ne7 8. O-O $11) 6... Nd7 7. Be3 $5 {
White is still preparing against c5.} (7. Nf3 Ne7 8. Be2 Ng6 9. O-O Be7 $11)
7... Ne7 8. f4 $6 {White wants to build up a mighty P chain gaining space on
both flanks. However Black can change a bit the structure and go for a
Gurgenidze System position.} (8. Nf3 {is met by the equalizing} Bg4 $11 (8...
Ng6 9. Nfd2 $1)) 8... h5 $5 {Black wants to blockade the >>, in the Gurgenidze
System g6 and Bg7 doesn't help for Black.} 9. Nf3 h4 10. Be2 Bg4 (10... Ng6 $13
) 11. O-O Nf5 12. Bf2 Be7 13. Nbd2 (13. h3 Bh5 {This is a big difference to
the Gurgenidze System, Black is not forced to exchange his B.}) 13... c5 14. h3
Bh5 $1 (14... Bxf3 15. Nxf3 $14 {has some similarities to the abovementioned
system, but even this looks better than the average.}) 15. Bd3 (15. dxc5 $5)
15... Bg6 16. Qb1 c4 $1 {Black has no problems on the >>, and now gains space
on the other flank.} 17. Bc2 b5 18. Rd1 Nb6 19. Nf1 a5 20. Ne3 {The exchange
of these pieces emphasizes Black's advantage on the <<.} Nxe3 21. Bxe3 Bxc2 22.
Qxc2 g6 {Black has a successful blockade on the >>, while on the << White is
in a big trouble.} 23. Bf2 b4 $15 24. Be1 Kf8 {/\ Kg7 improving the K's
position and restoring the connection between the rooks.} 25. Nh2 (25. b3 Rc8)
25... Kg7 26. Ng4 Qd7 27. Ne3 Qb5 $6 (27... bxc3 $5 28. bxc3 (28. Bxc3 Na4 29.
Rab1 Rhb8 30. Rdc1 Nxc3 31. bxc3 a4 $15) 28... Rab8 29. Rab1 $11) (27... Rab8
$15 {and further preparation on the << was essential, but in rapid games You
can't keep the high quality until the end.}) 28. Qe2 Rac8 (28... Qd7) 29. b3 $5
Rc7 (29... Qc6 $13) 30. Qg4 Rh5 {At least this R cannot attack the other flank.
} (30... bxc3 {allows White fishing in troubled waters after} 31. f5 $1 $132)
31. Qe2 Qd7 $2 (31... Qc6 {was more to the point.}) 32. Rdc1 (32. Rab1 $1 {
was better, for example:} cxb3 33. Rxb3) 32... Qc8 33. Bd2 $2 {This loses a P.}
(33. bxc4 Nxc4 34. cxb4 axb4 35. Rab1 {was requred.}) 33... cxb3 34. axb3 bxc3
35. Be1 Bb4 36. Rc2 Qd7 37. Qd3 $6 (37. Nd1 a4 38. bxa4 Nxa4 39. Qa6 Ra7 40.
Qe2 Rc7) 37... Rh8 (37... a4 $5 38. bxa4 Nxa4 39. Ng4 Rh8 40. Nf6 Qc6 41. Qf3)
38. Bxc3 Rhc8 39. Bxb4 (39. Rac1 Ba3 40. Ra1 Bb4 $11) (39. Bd2 Bxd2 40. Qxd2
Rxc2 41. Nxc2 Qb5 $11) 39... axb4 40. Rac1 Rxc2 41. Rxc2 Qa7 42. Kh2 Qa1 43.
Ng4 $2 (43. f5 $1 gxf5 (43... Rxc2 44. f6+ Kh7 45. Nxc2 $11) 44. Qd2 $11 {
is not an easy motif to find in time trouble.}) 43... Qe1 $2 ({missing the
easy win after} 43... Rxc2 44. Qxc2 Qxd4 $19) 44. Rc5 (44. Rxc8 Nxc8 45. Qe3
$11) 44... Ra8 45. Qe3 Qxe3 (45... Qg3+ $6 46. Qxg3 hxg3+ 47. Kxg3 Ra3 48. Nf6
Rxb3+ 49. Kh4 $1 Nc4 50. Rc8 $40) 46. Nxe3 Ra3 47. Rb5 $1 $11 Rxb3 48. Ng4 Nc8
(48... Nc4 49. Rb8 $1 g5 50. f5 $1 exf5 51. Nf6 $11) 49. Rb7 {The white pieces
are very active, and the N on the edge of the board is pathetic.} (49. Rb8 Ne7)
49... Rc3 50. Rxb4 Ne7 (50... Rc4 51. Rb8 Ne7 52. Nf6 Rxd4 53. Re8 Nf5 54. Rg8+
$11) 51. Rb8 Rc8 52. Rxc8 Nxc8 53. Kg1 Ne7 54. Nh2 Nf5 55. Nf3 1/2-1/2